The CFA Franc Zone : Common Currency, Uncommon Challenges /

About one-third of countries covered by the IMF's African Department are members of the CFA franc zone. With most other countries moving away from fixed exchange rates, the issue of an adequate policy framework to ensure the sustainability of the CFA franc zone is clearly of interest to policym...

Descripció completa

Dades bibliogràfiques
Autor principal: Gulde, Anne
Altres autors: Tsangarides, Charalambos
Format: Revista
Idioma:English
Publicat: Washington, D.C. : International Monetary Fund, 2008.
Accés en línia:Full text available on IMF
LEADER 01708cas a2200205 a 4500
001 AALejournalIMF015705
008 230101c9999 xx r poo 0 0eng d
020 |z 9781589066755 
040 |a BD-DhAAL  |c BD-DhAAL 
100 1 |a Gulde, Anne. 
245 1 4 |a The CFA Franc Zone :   |b Common Currency, Uncommon Challenges /  |c Anne Gulde, Charalambos Tsangarides. 
264 1 |a Washington, D.C. :  |b International Monetary Fund,  |c 2008. 
300 |a 1 online resource (410 pages) 
500 |a <strong>Off-Campus Access:</strong> No User ID or Password Required 
500 |a <strong>On-Campus Access:</strong> No User ID or Password Required 
506 |a Electronic access restricted to authorized BRAC University faculty, staff and students 
520 3 |a About one-third of countries covered by the IMF's African Department are members of the CFA franc zone. With most other countries moving away from fixed exchange rates, the issue of an adequate policy framework to ensure the sustainability of the CFA franc zone is clearly of interest to policymakers and academics. However, little academic research exists in the public domain. This book aims to fill this void by bringing together work undertaken in the context of intensified regional surveillance and highlighting the current challenges and the main policy requirements if the arrangements are to be carried forward. The book is based on empirical research by a broad group of IMF economists, with contributions from several outside experts. 
538 |a Mode of access: Internet 
700 1 |a Tsangarides, Charalambos. 
856 4 0 |z Full text available on IMF  |u http://elibrary.imf.org/view/books/071/08550-9781589066755-en/08550-9781589066755-en-book.xml  |z IMF e-Library